000 00530nam a2200181Ia 4500
008 100920s9999 xx 000 0 und d
082 _b52039
_a891.463.1 0
100 _aभावे पु. भा.
245 _aध्यास.
260 _bकाँन्टिनेन्टल प्रकाशन, पुणे.
_c0
300 _a148
_bसाधी
365 _b8
520 _aलघुकथा.
630 _aध्यास.
650 _aलघुकथा.
730 _aध्यास.
942 _cBOOK
999 _c697597
_d697594